Państwa graniczące z Austrią - Statystyki

Ogólne statystyki
  • Ten quiz został rozwiązany 25 razy
  • Średni wynik to 8 z 8
Statystyki odpowiedzi
Państwa % Poprawnych
Czechy
100%
Niemcy
100%
Szwajcaria
100%
Słowenia
96%
Włochy
96%
Słowacja
92%
Węgry
92%
Liechtenstein
84%
Nie znaleziono quizów pasujących do podanych kryteriów
Rozkład punktacji
Procent ludzi z każdym wynikiem
Percentyl według liczby udzielonych odpowiedzi
Twoja historia wyników
Nie rozwiązałeś tego quizu